000
00211nam a2200097Ia 4500
008
190216s9999||||xx |||||||||||||| ||und||
100
_a
Mrc
245
0
_a
Kinaviloru Yathra
260
_b
Current Books
942
_c
BK
999
_c
15162
_d
15162